Management handbook for public administration (Record no. 33720)

MARC details
000 -LEADER
fixed length control field 00295nam a2200109Ia 4500
082 ## - DEWEY DECIMAL CLASSIFICATION NUMBER
Classification number 35(035)
Item number SUT
100 ## - MAIN ENTRY--AUTHOR NAME
Personal name Sutherland, J W
245 #0 - TITLE STATEMENT
Title Management handbook for public administration
260 ## - PUBLICATION, DISTRIBUTION, ETC. (IMPRINT)
Place of publication New York
Name of publisher Van Nostrand
Year of publication 1978
942 ## - ADDED ENTRY ELEMENTS (KOHA)
Koha item type Books
Holdings
Withdrawn status Lost status Damaged status Not for loan Home library Current library Date acquired Cost, normal purchase price Full call number Accession Number Koha item type
        RRII Library RRII Library 16/12/2021 37.50 35(035) SUT 14165 Books